Normal view
MARC view
- Chris Gossop
Entry Personal Name
001 - CONTROL NUMBER
- control field: 134199
003 - CONTROL NUMBER IDENTIFIER
- control field: NUST
005 - DATE AND TIME OF LATEST TRANSACTION
- control field: 20260417155537.0
008 - FIXED-LENGTH DATA ELEMENTS
- fixed length control field: 260417|| aca||aabn | a|a d
040 ## - CATALOGING SOURCE
- Original cataloging agency: NUST
- Transcribing agency: NUST
100 ## - HEADING--PERSONAL NAME
- Personal name: Chris Gossop
670 ## - SOURCE DATA FOUND
- Source citation: Work cat.: (NUST): Chris Gossop., Sustainable City Developing World /, 2010.
